000 01287nam a2200373 i 4500
001 192977
003 SpMaBN
005 20250815050812.0
007 ta
008 230713s1973 sp a 000 0 spa
016 7 _abimoBNE19921185072
_zIBH8605106145
_zBNE19921745029
_zIBH82010101
_zBNE19921440414
_zIBH8405805438
_2SpMaBN
017 _aM 31693-1973
_bOficina Depósito Legal Madrid
020 _a8432300144
035 _a(OCoLC)434098078
035 _abimo0000203175
040 _aIBH
_bspa
_cSpMaBN
_erdc
_dES-MaACL
080 _a1(38)
245 0 3 _aLa filosofía griega /
_cbajo la dirección de Brice Parain ; [traductores, Santos Juliá, Miguel Bibatúa]
250 _a1a ed.
260 _aMadrid :
_bSiglo XXI de España,
_c1972.
300 _a347 p. ;
_c18 cm
336 _2rdacontent
_aTexto
337 _2rdamedia
_asin mediación
338 _2rdacarrier
_avolumen
490 1 _aHistoria de la filosofía siglo veintiuno ;
_v2
504 _aBibliografía
650 7 _aFilosofía griega
_2embne
_912849
700 1 _aParain, Brice
_988919
830 0 _aHistoria de la filosofía (Siglo XXI)
_v2
_9233698
942 _n0
_cMONOGRAFIA
999 _c192977
_d192977